Top 10 NBA Rookies 2019/20 - Statistics

General Stats
  • This quiz has been taken 76 times
    43 since last reset
  • The average score is 4 of 10
Answer Stats
Rank Answer % Correct
9 Zion Williamson
93%
1 Ja Morant
90%
5 RJ Barrett
50%
3 Tyler Herro
43%
2 Kendrick Nunn
35%
8 Darius Garland
30%
4 Brandon Clarke
28%
6 Coby White
28%
10 Kevin Porter Jr.
15%
7 Terence Davis
5%
No matching quizzes found
Score Distribution
Percent of People with Each Score
Percentile by Number Answered
Your Score History
You have not taken this quiz since the last reset